00795 2200193 4500001002100000005001500021035002000036245021900056100002000275250002000295300005400315856002200369700011900391260002700510082001000537084001600547020001800563600002000581INLIS00000000114677820260212113938 a0010-02260003981 aBELAJAR KOSAKATA DAN KALIMAT 3 BAHASA :bIndonesia, Inggris, dan Arab /cPenulis ; Mahmudah Mastur, Penyunting ; Diba, Penyelaras Akhir ; Seta, Ilustrator Noktah, Tata Sampul ; Vitrya, Pracetak ; Antini, Dwi, Wardi0 aMahmudah Mastur aCetakan Pertama a88 Halaman :bIlustrasi ;c20,5 x 26,5 cmeKertas aPerpustakaan Umum0 aPenyunting ; Diba, Penyelaras Akhir ; Seta, Ilustrator Noktah, Tata Sampul ; Vitrya, Pracetak ; Antini, Dwi, Wardi aDepok :bNoktah,c2020 a372.6 a372.6 MAH b a9786237465652 4aChildrens Books